[Event "EU-ch (Women) 19th"]
[Site "Stary Smokovec"]
[Date "2018.04.08"]
[Round "1"]
[White "Ziaziulkina, Nastassia"]
[Black "Leite Oralova, Catarina"]
[Result "1-0"]
[WhiteElo "2363"]
[BlackElo "2134"]
[PlyCount "47"]
[EventDate "2018.04.08"]
[EventType "swiss"]
[EventRounds "11"]
[EventCountry "SVK"]
[SourceTitle "CBM 184 Extra"]
[Source "ChessBase"]
[SourceDate "2018.06.28"]
[SourceVersion "1"]
[SourceVersionDate "2018.06.28"]
[SourceQuality "1"]

1. e4 c5 2. Nf3 e6 3. d4 cxd4 4. Nxd4 Nc6 5. Nc3 Qc7 6. Be3 a6 7. a3 Nf6 8. f4 d6 9. Qf3 Be7 10. 0-0-0 Nxd4 11. Bxd4 0-0 12. e5 Nd7 13. Bd3 dxe5 14. fxe5 Nxe5 15. Bxh7+ Kxh7 16. Qh5+ Kg8 17. Bxe5 Qc6 18. Bxg7 Kxg7 19. Rd3 f5 20. Rg3+ Kf6 21. Qg5+ Ke5 22. Qxe7 Re8 23. Re1+ Kd4 24. Rd3+ 1-0

[Event "Pobeskydy op"]
[Site "Frydek Mistek"]
[Date "2018.03.31"]
[Round "5"]
[White "Molnar, Erno"]
[Black "Leite Oralova, Catarina"]
[Result "1-0"]
[WhiteElo "2264"]
[BlackElo "2134"]
[PlyCount "97"]
[EventDate "2018.03.29"]
[EventType "swiss"]
[EventRounds "9"]
[EventCountry "CZE"]
[SourceTitle "CBM 183 Extra"]
[Source "ChessBase"]
[SourceDate "2018.04.19"]
[SourceVersion "1"]
[SourceVersionDate "2018.04.19"]
[SourceQuality "1"]

1. e4 c5 2. Nf3 e6 3. d4 cxd4 4. Nxd4 Nc6 5. Nc3 Qc7 6. Be3 a6 7. Be2 Nf6 8. 0-0 Be7 9. f4 d6 10. Kh1 b5 11. Nxc6 Qxc6 12. e5 dxe5 13. fxe5 Nd5 14. Bf3 Bb7 15. Nxd5 exd5 16. c3 0-0 17. Qb3 Rad8 18. Rad1 Qe6 19. Bd4 Bc6 20. h3 Qg6 21. Bg1 Qe6 22. Bh2 Bc5 23. Rd2 d4 24. Bxc6 Qxc6 25. Rfd1 Qb6 26. Bg1 d3 27. Bh2 Qg6 28. c4 Qe6 29. cxb5 Qxb3 30. axb3 axb5 31. Rxd3 Rxd3 32. Rxd3 Ra8 33. Bg1 Bxg1 34. Kxg1 Kf8 35. Kf2 Ra2 36. Rd2 Ke7 37. Ke3 Ke6 38. Kd4 Ra8 39. Kc5 Rb8 40. Re2 h5 41. b4 Rb7 42. Kc6 Rb8 43. Rf2 h4 44. Rf4 g5 45. Rf6+ Kxe5 46. Rxf7 Kd4 47. Rf5 Kc4 48. Rxg5 Kxb4 49. Rg4+ 1-0

[Event "Pobeskydy op"]
[Site "Frydek Mistek"]
[Date "2018.03.30"]
[Round "4"]
[White "Leite Oralova, Catarina"]
[Black "Kratochvil, Vit"]
[Result "1-0"]
[WhiteElo "2134"]
[BlackElo "2239"]
[PlyCount "85"]
[EventDate "2018.03.29"]
[EventType "swiss"]
[EventRounds "9"]
[EventCountry "CZE"]
[SourceTitle "CBM 183 Extra"]
[Source "ChessBase"]
[SourceDate "2018.04.19"]
[SourceVersion "1"]
[SourceVersionDate "2018.04.19"]
[SourceQuality "1"]

1. e4 c5 2. Nf3 Nc6 3. Bb5 Na5 4. 0-0 a6 5. Be2 d6 6. d4 cxd4 7. Nxd4 Nf6 8. Nc3 g6 9. Bg5 Bg7 10. Nd5 0-0 11. Nxf6+ exf6 12. Be3 Re8 13. Qd3 b5 14. a4 b4 15. c3 bxc3 16. b4 Nb7 17. Qxc3 f5 18. exf5 Bxf5 19. Bf3 Be4 20. Bxe4 Rxe4 21. Qd3 Qe8 22. Rac1 a5 23. Rc7 Nd8 24. b5 f5 25. Nc6 Nxc6 26. Rxc6 Be5 27. f4 Bg7 28. Bb6 Rb8 29. Bxa5 Bd4+ 30. Kh1 d5 31. Bc3 Bxc3 32. Qxd5+ Kh8 33. Rxc3 Rxf4 34. Qd1 Rd8 35. Qa1 Rxf1+ 36. Qxf1 Qe5 37. Rc1 Rd2 38. b6 Qe4 39. a5 f4 40. Qf3 Rc2 41. Rg1 Qb4 42. b7 Qb2 43. Qxf4 1-0

[Event "Pobeskydy op"]
[Site "Frydek Mistek"]
[Date "2018.03.29"]
[Round "1"]
[White "Leite Oralova, Catarina"]
[Black "Swicarz, Maciej"]
[Result "0-1"]
[WhiteElo "2134"]
[BlackElo "2301"]
[PlyCount "78"]
[EventDate "2018.03.29"]
[EventType "swiss"]
[EventRounds "9"]
[EventCountry "CZE"]
[SourceTitle "CBM 183 Extra"]
[Source "ChessBase"]
[SourceDate "2018.04.19"]
[SourceVersion "1"]
[SourceVersionDate "2018.04.19"]
[SourceQuality "1"]

1. e4 c6 2. d4 d5 3. exd5 cxd5 4. Bd3 Nc6 5. c3 g6 6. Nf3 Nh6 7. Bf4 Bf5 8. Bxf5 Nxf5 9. 0-0 e6 10. Nbd2 Be7 11. Re1 0-0 12. Nf1 b5 13. Ne5 Nxe5 14. dxe5 b4 15. cxb4 Bxb4 16. Re2 Qb6 17. a3 Be7 18. Rd2 Rfb8 19. Ne3 Nxe3 20. Bxe3 Qb3 21. Rc2 Rb7 22. Rac1 Rd8 23. Qd2 h5 24. Rc7 d4 25. Rxb7 Qxb7 26. Bf4 Rd7 27. h3 Kh7 28. b4 Qa6 29. Rc3 Qb7 30. Rc4 Qe4 31. g3 h4 32. Kh2 hxg3+ 33. Bxg3 Bf8 34. f3 Qxf3 35. Rxd4 Bh6 36. Qf2 Qc6 37. Rxd7 Qxd7 38. Bf4 Bg7 39. Qh4+ Kg8 0-1

[Event "Pobeskydy op"]
[Site "Frydek Mistek"]
[Date "2018.03.29"]
[Round "2"]
[White "Richterova, Julie"]
[Black "Leite Oralova, Catarina"]
[Result "0-1"]
[WhiteElo "1877"]
[BlackElo "2134"]
[PlyCount "80"]
[EventDate "2018.03.29"]
[EventType "swiss"]
[EventRounds "9"]
[EventCountry "CZE"]
[SourceTitle "CBM 183 Extra"]
[Source "ChessBase"]
[SourceDate "2018.04.19"]
[SourceVersion "1"]
[SourceVersionDate "2018.04.19"]
[SourceQuality "1"]

1. d4 Nf6 2. c4 g6 3. Nc3 d5 4. cxd5 Nxd5 5. e4 Nxc3 6. bxc3 Bg7 7. Be3 c5 8. Qd2 Qa5 9. Rd1 Be6 10. Be2 0-0 11. Nf3 cxd4 12. cxd4 Qxa2 13. Qb4 Bd7 14. Qxb7 Bc6 15. Qxe7 Re8 16. Qb4 Bxe4 17. Bc4 Nc6 18. Qb5 a6 19. Qc5 Qa5+ 20. Qxa5 Nxa5 21. Be2 Nb3 22. 0-0 Bc2 23. Rde1 a5 24. Bc4 Rac8 25. Bb5 Red8 26. Bg5 f6 27. Be3 Rc3 28. Re2 Rb8 29. Bd7 Bd3 30. Rfe1 Bxe2 31. Rxe2 Bf8 32. Bf4 Rd8 33. Be6+ Kg7 34. d5 Bd6 35. Be3 a4 36. Ra2 a3 37. Ne1 Nc1 38. Ra1 Nb3 39. Ra2 Ra8 40. Nc2 Rxc2 0-1

[Event "Seville op 40th"]
[Site "Seville"]
[Date "2015.01.31"]
[Round "8"]
[White "Leite Oralova, Catarina"]
[Black "Starostits, Ilmars"]
[Result "0-1"]
[WhiteElo "2136"]
[BlackElo "2441"]
[PlyCount "62"]
[EventDate "2015.01.25"]
[EventType "swiss"]
[EventRounds "9"]
[EventCountry "ESP"]
[SourceTitle "CBM 164 Extra"]
[Source "ChessBase"]
[SourceDate "2015.03.02"]
[SourceVersion "1"]
[SourceVersionDate "2015.03.02"]
[SourceQuality "1"]

1. e4 c5 2. Nf3 d6 3. d4 cxd4 4. Nxd4 Nf6 5. Nc3 g6 6. Be3 Bg7 7. f3 Nc6 8. Qd2 h5 9. 0-0-0 Bd7 10. Bc4 Na5 11. Bb3 Nxb3+ 12. cxb3 a5 13. Kb1 a4 14. bxa4 Bxa4 15. Nxa4 Rxa4 16. Nb5 0-0 17. e5 Nd7 18. exd6 exd6 19. Nxd6 Ne5 20. b3 Ra6 21. Ne4 Qc8 22. Rc1 Qf5 23. Rhd1 Rfa8 24. Rc2 Nc6 25. Bh6 Be5 26. Qg5 Qxg5 27. Bxg5 Nb4 28. Rcd2 Rxa2 29. Rxa2 Rxa2 30. Nf6+ Kg7 31. Ne8+ Kf8 0-1

[Event "Sitges Sunway op 1st"]
[Site "Sitges"]
[Date "2014.12.20"]
[Round "8"]
[White "Meister, Peter"]
[Black "Leite Oralova, Catarina"]
[Result "1/2-1/2"]
[WhiteElo "2408"]
[BlackElo "2136"]
[PlyCount "71"]
[EventDate "2014.12.14"]
[EventType "swiss"]
[EventRounds "9"]
[EventCountry "ESP"]
[SourceTitle "EXT 2016"]
[Source "ChessBase"]
[SourceDate "2015.10.08"]
[SourceVersion "1"]
[SourceVersionDate "2015.10.08"]
[SourceQuality "1"]

1. d4 Nf6 2. c4 e6 3. Nf3 b6 4. a3 Bb7 5. Nc3 d5 6. cxd5 Nxd5 7. Qc2 c5 8. e4 Nxc3 9. bxc3 Nd7 10. Bd3 Be7 11. 0-0 0-0 12. Bb2 Qc7 13. Qe2 c4 14. Bc2 b5 15. a4 b4 16. cxb4 Bxb4 17. Ba3 a5 18. Rfb1 Bxa3 19. Rxa3 Rab8 20. Rc1 Qf4 21. Re3 Ba6 22. e5 Bb7 23. Qxc4 Bxf3 24. gxf3 Nxe5 25. dxe5 Qxc4 26. Bxh7+ Kxh7 27. Rxc4 Rfc8 28. Rh4+ Kg8 29. Kg2 Rc2 30. Rd3 Re2 31. f4 Reb2 32. Rdh3 Kf8 33. Rc3 Kg8 34. Rch3 Kf8 35. Rc3 Kg8 36. Rch3 1/2-1/2

[Event "Chigorin Memorial 22nd"]
[Site "St Petersburg"]
[Date "2014.10.24"]
[Round "7"]
[White "Leite Oralova, Catarina"]
[Black "Grachev, Andrey"]
[Result "1-0"]
[WhiteElo "2154"]
[BlackElo "2029"]
[PlyCount "93"]
[EventDate "2014.10.18"]
[EventType "swiss"]
[EventRounds "9"]
[EventCountry "RUS"]
[SourceTitle "EXT 2015"]
[Source "ChessBase"]
[SourceDate "2014.11.20"]
[SourceVersion "1"]
[SourceVersionDate "2014.11.20"]
[SourceQuality "1"]

1. e4 e5 2. Nf3 Nc6 3. Bb5 a6 4. Ba4 Nf6 5. 0-0 b5 6. Bb3 Be7 7. c3 0-0 8. Re1 d6 9. h3 Nb8 10. d4 Nbd7 11. Nbd2 Bb7 12. a4 c5 13. Qe2 Qc7 14. Ng5 cxd4 15. cxd4 exd4 16. axb5 Nc5 17. Bc4 h6 18. Ngf3 axb5 19. Rxa8 Rxa8 20. Bxb5 Ne6 21. Qd3 Qb6 22. Bc4 d5 23. exd5 Bxd5 24. Bxd5 Nxd5 25. Qf5 Nf6 26. Ne5 Ra1 27. Ndf3 Bb4 28. Rf1 Qa6 29. Nd3 Be7 30. Nfe5 Qb7 31. Nxf7 Qe4 32. Qxe4 Nxe4 33. Nfe5 N4c5 34. Bd2 Ra8 35. Re1 Bd6 36. b4 Nxd3 37. Nxd3 Kf7 38. Kf1 Ra2 39. Rd1 Ra3 40. Ke2 Rb3 41. Ra1 Nc7 42. Ra7 Ke6 43. Rxc7 Rxd3 44. Rc6 Rb3 45. Bf4 Rb2+ 46. Kf3 Kf5 47. g4+ 1-0

[Event "CZE-chT1W 1314"]
[Site "Czech Republic"]
[Date "2014.03.30"]
[Round "10.8"]
[White "Leite Oralova, Catarina"]
[Black "Fajman, Petr"]
[Result "0-1"]
[WhiteElo "2145"]
[BlackElo "2267"]
[PlyCount "54"]
[EventDate "2013.10.20"]
[EventType "team-tourn"]
[EventRounds "11"]
[EventCountry "CZE"]
[SourceTitle "EXT 2015"]
[Source "ChessBase"]
[SourceDate "2014.11.20"]
[SourceVersion "1"]
[SourceVersionDate "2014.11.20"]
[SourceQuality "1"]
[WhiteTeam "Lysa nad Labem II"]
[BlackTeam "Praha Mahrla"]
[WhiteTeamCountry "CZE"]
[BlackTeamCountry "CZE"]

1. e4 c5 2. Nf3 e6 3. d4 cxd4 4. Nxd4 Nf6 5. Nc3 d6 6. g4 h6 7. h4 Nc6 8. Rg1 Be7 9. g5 hxg5 10. hxg5 Nd7 11. g6 Nde5 12. gxf7+ Kxf7 13. Be3 Bf6 14. Ndb5 Ke7 15. Bg5 Nf7 16. Bxf6+ gxf6 17. Nd4 Rg8 18. Rh1 Rh8 19. Rg1 Rg8 20. Rh1 Qa5 21. Qd2 Nxd4 22. Qxd4 Qg5 23. Rh7 Bd7 24. Rd1 Rg7 25. Rh3 Qa5 26. Rh6 Nxh6 27. Qxd6+ Ke8 0-1

[Event "CZE-chT1W 1314"]
[Site "Czech Republic"]
[Date "2014.02.09"]
[Round "7.6"]
[White "Leite Oralova, Catarina"]
[Black "Nidl, Petr"]
[Result "0-1"]
[WhiteElo "2145"]
[BlackElo "2203"]
[PlyCount "50"]
[EventDate "2013.10.20"]
[EventType "team-tourn"]
[EventRounds "11"]
[EventCountry "CZE"]
[SourceTitle "EXT 2015"]
[Source "ChessBase"]
[SourceDate "2014.11.20"]
[SourceVersion "1"]
[SourceVersionDate "2014.11.20"]
[SourceQuality "1"]
[WhiteTeam "Lysa nad Labem II"]
[BlackTeam "Ceske Budejovice"]
[WhiteTeamCountry "CZE"]
[BlackTeamCountry "CZE"]

1. e4 c5 2. Nf3 Nc6 3. d4 cxd4 4. Nxd4 g6 5. Nc3 Bg7 6. Be3 d6 7. Qd2 Nf6 8. f3 0-0 9. 0-0-0 Nxd4 10. Bxd4 Be6 11. g4 Qa5 12. Kb1 Rfc8 13. h4 Rxc3 14. Qxc3 Qxa2+ 15. Kc1 Bxg4 16. b3 Bh6+ 17. Be3 Nxe4 18. fxe4 Bxe3+ 19. Rd2 Rc8 20. Bc4 Qa3+ 21. Kb1 Rxc4 22. Qxc4 Bxd2 23. e5 Be6 24. Qd3 Bf4 25. exd6 Be5 0-1

[Event "CZE-chT1W 1314"]
[Site "Czech Republic"]
[Date "2013.11.10"]
[Round "2.5"]
[White "Leite Oralova, Catarina"]
[Black "Plesek, Jiri"]
[Result "0-1"]
[WhiteElo "2145"]
[BlackElo "2147"]
[PlyCount "63"]
[EventDate "2013.10.20"]
[EventType "team-tourn"]
[EventRounds "11"]
[EventCountry "CZE"]
[SourceTitle "EXT 2015"]
[Source "ChessBase"]
[SourceDate "2014.11.20"]
[SourceVersion "1"]
[SourceVersionDate "2014.11.20"]
[SourceQuality "1"]
[WhiteTeam "Lysa nad Labem II"]
[BlackTeam "Pankrac"]
[WhiteTeamCountry "CZE"]
[BlackTeamCountry "CZE"]

1. e4 c6 2. d4 d5 3. exd5 cxd5 4. Bd3 Nc6 5. c3 Qc7 6. h3 Nf6 7. Nf3 g6 8. 0-0 Bf5 9. Bxf5 gxf5 10. Qd3 e6 11. b3 Ne4 12. c4 dxc4 13. bxc4 Bg7 14. Nc3 Nxc3 15. Qxc3 0-0 16. Rb1 Rac8 17. Ba3 Rfd8 18. Rfd1 b6 19. Qe3 Na5 20. c5 Nc4 21. cxb6 axb6 22. Qb3 Qf4 23. Be7 Rd7 24. Bg5 Qe4 25. Rbc1 Rdc7 26. Nd2 Qe2 27. Rxc4 Rxc4 28. Nxc4 Rxc4 29. Rd2 Qe1+ 30. Kh2 Rxd4 31. Rxd4 Bxd4 32. Qg3 0-1

[Event "Olympiad Women-40"]
[Site "Istanbul"]
[Date "2012.09.07"]
[Round "10.1"]
[White "Leite Oralova, Catarina"]
[Black "Hallaeva, Bahar"]
[Result "0-1"]
[WhiteElo "2178"]
[BlackElo "2174"]
[PlyCount "58"]
[EventDate "2012.08.28"]
[EventType "team-swiss"]
[EventRounds "11"]
[EventCountry "TUR"]
[SourceTitle "CBM 150 Extra"]
[Source "ChessBase"]
[SourceDate "2012.10.19"]
[SourceVersion "1"]
[SourceVersionDate "2012.10.19"]
[SourceQuality "1"]
[WhiteTeam "Portugal (W)"]
[BlackTeam "Turkmenistan (W)"]
[WhiteTeamCountry "POR"]
[BlackTeamCountry "TKM"]

1. e4 e5 2. Nf3 Nc6 3. Bc4 Nf6 4. c3 Nxe4 5. Bd5 Nf6 6. Bxc6 dxc6 7. Nxe5 Bd6 8. d4 Bxe5 9. Qe2 0-0 10. dxe5 Ng4 11. 0-0 Re8 12. f4 f6 13. h3 Nh6 14. Nd2 Bf5 15. Re1 Bd3 16. Qf2 Qd5 17. Nf3 Be4 18. c4 Qd3 19. Re3 Qd1+ 20. Ne1 Qd4 21. exf6 Qxf6 22. Rc3 Nf5 23. Nd3 Rad8 24. Ne5 Rd1+ 25. Kh2 Qd6 26. Qe2 Rxe5 27. fxe5 Qxe5+ 28. Bf4 Qxf4+ 29. g3 Rxa1 0-1

[Event "Olympiad Women-40"]
[Site "Istanbul"]
[Date "2012.09.04"]
[Round "7.1"]
[White "Secopito, Catherine"]
[Black "Leite Oralova, Catarina"]
[Result "1/2-1/2"]
[WhiteElo "2091"]
[BlackElo "2178"]
[PlyCount "186"]
[EventDate "2012.08.28"]
[EventType "team-swiss"]
[EventRounds "11"]
[EventCountry "TUR"]
[SourceTitle "CBM 150 Extra"]
[Source "ChessBase"]
[SourceDate "2012.10.19"]
[SourceVersion "1"]
[SourceVersionDate "2012.10.19"]
[SourceQuality "1"]
[WhiteTeam "Philippines (W)"]
[BlackTeam "Portugal (W)"]
[WhiteTeamCountry "PHI"]
[BlackTeamCountry "POR"]

1. d4 Nf6 2. Nf3 e6 3. e3 b6 4. Bd3 Be7 5. 0-0 0-0 6. e4 d6 7. Qe2 Bb7 8. e5 dxe5 9. dxe5 Nfd7 10. Rd1 c5 11. Nc3 Qc7 12. Bf4 a6 13. a4 Rd8 14. Ng5 h6 15. Nf3 Nc6 16. Qe3 Nb4 17. Nd2 Nf8 18. Bg3 Rxd3 19. cxd3 Nc2 20. Qe2 Nxa1 21. Rxa1 Rd8 22. Rd1 Ng6 23. Nc4 Qc6 24. f3 Ba8 25. Na3 Bf8 26. Nc2 Ne7 27. d4 Nf5 28. Bf2 cxd4 29. Nxd4 Nxd4 30. Rxd4 Rxd4 31. Bxd4 Bb7 32. Kf2 Be7 33. Qd3 Bc5 34. Qe3 Bb4 35. Ne2 b5 36. axb5 axb5 37. Qb3 Be7 38. Be3 Bh4+ 39. Kg1 Qa6 40. Qd1 Qa2 41. Qc1 Qb3 42. Nc3 Qc4 43. Qd2 b4 44. Ne2 Ba6 45. Kf1 Be7 46. Kf2 Bh4+ 47. Kf1 b3 48. Bd4 Be7 49. Bc3 Bc5 50. g3 Bb6 51. Ke1 Qc6 52. Qf4 Qd7 53. Nd4 Qa4 54. Qd2 Qc4 55. Ne2 h5 56. h4 Bb5 57. Qd1 Be3 58. Kf1 Bc5 59. Qd2 Bb6 60. Ke1 Kh7 61. Qd1 g6 62. Qd2 Kg7 63. Qd1 Be3 64. Kf1 Bc5 65. Qd2 Ba7 66. Ke1 Bb6 67. Qd1 Ba6 68. Qd2 Qb5 69. Qd1 Ba5 70. Kf2 Qc5+ 71. Qd4 Qb5 72. Qd1 Bb6+ 73. Ke1 Bc5 74. Qd2 Qc4 75. Kf1 Bb6 76. Ke1 Qc5 77. Bd4 Qb5 78. Bc3 Bc7 79. Qe3 Ba5 80. Bxa5 Qxa5+ 81. Kf2 Qb5 82. g4 hxg4 83. fxg4 Qc4 84. Nd4 Qf1+ 85. Kg3 Bb7 86. Nf3 Bd5 87. h5 Qh1 88. hxg6 fxg6 89. Qf4 Bxf3 90. Qf6+ Kh7 91. Qf7+ Kh8 92. Qf8+ Kh7 93. Qf7+ Kh8 1/2-1/2

[Event "Olympiad Women-40"]
[Site "Istanbul"]
[Date "2012.09.01"]
[Round "5.1"]
[White "Leite Oralova, Catarina"]
[Black "Abarca Gonzalez, Damaris"]
[Result "0-1"]
[WhiteElo "2178"]
[BlackElo "2024"]
[PlyCount "54"]
[EventDate "2012.08.28"]
[EventType "team-swiss"]
[EventRounds "11"]
[EventCountry "TUR"]
[SourceTitle "CBM 150 Extra"]
[Source "ChessBase"]
[SourceDate "2012.10.19"]
[SourceVersion "1"]
[SourceVersionDate "2012.10.19"]
[SourceQuality "1"]
[WhiteTeam "Portugal (W)"]
[BlackTeam "Chile (W)"]
[WhiteTeamCountry "POR"]
[BlackTeamCountry "CHI"]

1. e4 c5 2. Nc3 Nc6 3. g3 g6 4. Bg2 Bg7 5. d3 d6 6. Be3 Rb8 7. Qd2 b5 8. Nd1 b4 9. f4 e6 10. Nf3 Nd4 11. 0-0 Ne7 12. Ne1 Qa5 13. g4 f5 14. h3 0-0 15. Kh2 Ba6 16. Rg1 fxe4 17. dxe4 Ne2 18. Rf1 g5 19. Qxd6 Ng6 20. Qxc5 Qxc5 21. Bxc5 Rfc8 22. Bxa7 Rb7 23. Bf2 Ngxf4 24. a3 Nxg2 25. Nxg2 Be5+ 26. Kh1 Rf7 27. Nge3 Bb7 0-1

[Event "POR-chT"]
[Site "Porto"]
[Date "2012.07.28"]
[Round "8.3"]
[White "Butkiewicz, Lukasz"]
[Black "Leite Oralova, Catarina"]
[Result "1-0"]
[WhiteElo "2402"]
[BlackElo "2175"]
[PlyCount "47"]
[EventDate "2012.07.21"]
[EventType "team-tourn"]
[EventRounds "9"]
[EventCountry "POR"]
[SourceTitle "CBM 149 Extra"]
[Source "ChessBase"]
[SourceDate "2012.08.24"]
[SourceVersion "1"]
[SourceVersionDate "2012.08.24"]
[SourceQuality "1"]
[WhiteTeam "Coimbra"]
[BlackTeam "Mata de Benfica"]
[WhiteTeamCountry "POR"]
[BlackTeamCountry "POR"]

1. e4 e5 2. Nf3 Nc6 3. Bb5 f5 4. Nc3 Nf6 5. exf5 e4 6. Ng5 d5 7. d3 Bxf5 8. dxe4 dxe4 9. Qe2 Bb4 10. Qc4 Qd7 11. Be3 Bxc3+ 12. Qxc3 Rd8 13. Bc5 Nd5 14. Bxc6 bxc6 15. Qe5+ Ne7 16. 0-0 0-0 17. Qxe7 Qd5 18. c4 Qxc4 19. Rac1 Qxa2 20. Qxc7 Rd7 21. Qe5 Rd5 22. Qe7 Rfd8 23. Qf7+ Kh8 24. Bd4 1-0

[Event "POR-chT"]
[Site "Porto"]
[Date "2012.07.27"]
[Round "7.3"]
[White "Leite Oralova, Catarina"]
[Black "Rubio Mejia, Luis Ignacio"]
[Result "1-0"]
[WhiteElo "2175"]
[BlackElo "2428"]
[PlyCount "121"]
[EventDate "2012.07.21"]
[EventType "team-tourn"]
[EventRounds "9"]
[EventCountry "POR"]
[SourceTitle "CBM 149 Extra"]
[Source "ChessBase"]
[SourceDate "2012.08.24"]
[SourceVersion "1"]
[SourceVersionDate "2012.08.24"]
[SourceQuality "1"]
[WhiteTeam "Mata de Benfica"]
[BlackTeam "Dias Ferreira"]
[WhiteTeamCountry "POR"]
[BlackTeamCountry "POR"]

1. e4 c5 2. Nc3 d6 3. g3 Nc6 4. Bg2 g6 5. d3 Bg7 6. Be3 Rb8 7. Qd2 b5 8. f4 b4 9. Nd1 e6 10. Ne2 Nd4 11. Nc1 Ne7 12. c3 bxc3 13. bxc3 Ndc6 14. 0-0 0-0 15. g4 f5 16. h3 Ba6 17. Ne2 Qb6 18. Ng3 Qb5 19. Nf2 Qb2 20. Rfc1 Qxd2 21. Bxd2 Rb2 22. Be3 Na5 23. gxf5 exf5 24. e5 dxe5 25. Bxc5 exf4 26. Bxe7 fxg3 27. Bd5+ Kh8 28. Nd1 Re2 29. Bxf8 Bxf8 30. d4 Nc4 31. Rcb1 Re1+ 32. Kg2 Rxd1 33. Rxd1 Ne3+ 34. Kxg3 Nxd5 35. Rdc1 Bc4 36. Rab1 Bd6+ 37. Kf3 Nb6 38. Re1 Bd5+ 39. Kf2 Be4 40. Rb2 Kg7 41. Rbe2 Bd5 42. Re7+ Bxe7 43. Rxe7+ Kf6 44. Rxa7 Kg5 45. a4 Kf4 46. a5 Nc4 47. a6 g5 48. Rxh7 g4 49. hxg4 fxg4 50. Rd7 g3+ 51. Kg1 Be4 52. a7 Nd2 53. Rf7+ Kg4 54. Rf8 Nf3+ 55. Kf1 Ng5 56. Rg8 Kh4 57. c4 Bd3+ 58. Ke1 g2 59. Rxg5 Kxg5 60. Kf2 Be4 61. d5 1-0

[Event "POR-ch (Women)"]
[Site "Lisbon"]
[Date "2011.12.18"]
[Round "3"]
[White "Leite Oralova, Catarina"]
[Black "Coimbra, Margarida Goncalves"]
[Result "1-0"]
[WhiteElo "2164"]
[BlackElo "2162"]
[PlyCount "69"]
[EventDate "2011.12.17"]
[EventType "swiss"]
[EventRounds "6"]
[EventCountry "POR"]
[SourceTitle "CBM 146 Extra"]
[Source "ChessBase"]
[SourceDate "2012.02.29"]
[SourceVersion "1"]
[SourceVersionDate "2012.02.29"]
[SourceQuality "1"]

1. c4 e6 2. d3 d5 3. Nf3 Nf6 4. g3 Be7 5. Bg2 0-0 6. 0-0 c5 7. cxd5 exd5 8. d4 Nc6 9. Nc3 b6 10. Ne5 Bb7 11. Nxc6 Bxc6 12. Bg5 c4 13. e3 Qd7 14. Bxf6 Bxf6 15. Qh5 Rfd8 16. Rfd1 b5 17. e4 dxe4 18. d5 Bb7 19. Bxe4 g6 20. Qf3 Bg7 21. d6 Bxe4 22. Qxe4 Bxc3 23. bxc3 Rab8 24. Rd5 Qb7 25. Qd4 Qb6 26. Qf4 Rd7 27. Re1 Rf8 28. Re7 Qc6 29. Rxd7 Qxd5 30. Qe3 a6 31. h4 Qf5 32. Qe7 Qb1+ 33. Kg2 Qc1 34. Rd8 Qh6 35. d7 1-0